Tintin Book Trivia - Cigars of the Pharaoh - Statistics

General Stats
  • This quiz has been taken 13 times
  • The average score is 4 of 16
Answer Stats
Question Answer % Correct
Location of Book (Africa) Egypt
91%
Location of Book (Asia) India
73%
How Tintin gets to Asia Plane
45%
Detectives Appearing For The First Time (X33 - X33A) Thomson & Thompson
36%
Nickname of Tintin (military) Ali-Bhai
18%
Sailor (originally appearing in The Crab with the Golden Claws) Allan Thompson
18%
Maharajah of..... Gaipajama/Rawhajpoutalah
18%
Real name of poison Rajaijah Juice
18%
Main Antagonist Roberto Rastapopoulos
18%
Way Tintin comes from the previous adventure to Africa Cruise ‘Isis’
9%
Salesman who reappears in The Land of Black Gold and The Red Sea Sharks Oliveira da Figueira
9%
Egyptologist later poisoned Sophocles Sarcophagus
9%
Crime Drug-Trafficking
0%
Doctor who tricks Tintin Finney
0%
Password of the Drug-Traffickers Kih-Oskh and Gaipajama
0%
Egyptologist’s papyrus is for The Location of the Pharaoh’s Tomb
0%
No matching quizzes found
Score Distribution
Percent of People with Each Score
Percentile by Number Answered
Your Score History
You have not taken this quiz